| Tag |
First Indicator |
Second Indicator |
Subfields |
| LEADER |
00000pam a2200000 i 4500 |
| 001 |
in00000031402 |
| 005 |
20151007061652.0 |
| 008 |
791025s1980 nyuaf 00010beng |
| 010 |
|
|
|a 79023837
|
| 020 |
|
|
|a 0689110561
|
| 035 |
|
|
|a (OCoLC)05706454
|
| 035 |
|
|
|9 AAD2718AM
|
| 040 |
|
|
|a DLC
|c DLC
|d TXA
|d UtOrBLW
|
| 043 |
|
|
|a n-us-nh
|
| 049 |
|
|
|a TXAM
|c [1160612]
|
| 050 |
0 |
0 |
|a LD7501.E936
|b P477 1980
|
| 082 |
0 |
|
|a 373.1/2/0120924
|a B
|
| 100 |
1 |
|
|a Saltonstall, William Gurdon,
|d 1905-
|
| 245 |
1 |
0 |
|a Lewis Perry of Exeter :
|b a gentle memoir /
|c William G. Saltonstall, foreword by David McCord.
|
| 250 |
|
|
|a 1st ed.
|
| 264 |
|
1 |
|a New York :
|b Atheneum,
|c 1980.
|
| 300 |
|
|
|a xxi, 164 pages, 4 unnumbered leaves of plates :
|b illustrations ;
|c 22 cm.
|
| 336 |
|
|
|a text
|b txt
|2 rdacontent
|
| 337 |
|
|
|a unmediated
|b n
|2 rdamedia
|
| 338 |
|
|
|a volume
|b nc
|2 rdacarrier
|
| 600 |
1 |
0 |
|a Perry, Lewis,
|d 1877-1970.
|
| 610 |
2 |
0 |
|a Phillips Exeter Academy
|x History.
|
| 650 |
|
0 |
|a High school principals
|z New Hampshire
|x Biography.
|
| 999 |
|
|
|a MARS
|
| 999 |
f |
f |
|s d793a999-6505-36ab-8418-6d98795c81fe
|i cf47cb06-204a-3a2c-9afb-281df5323db7
|t 0
|
| 952 |
f |
f |
|p ric
|a Texas A&M University
|b Rellis Campus
|c Joint Library Facility
|d Remote Storage
|t 0
|e LD7501.E936 P477 1980
|h Library of Congress classification
|i unmediated -- volume
|m A14803340430
|
| 998 |
f |
f |
|a LD7501.E936 P477 1980
|t 0
|l Remote Storage
|